Оценка оползневых процессов Кантона Каямбе, провинции Пичинча, Эквадор; Научная инициатива иностранных студентов и аспирантов российских вузов

Détails bibliographiques
Parent link:Научная инициатива иностранных студентов и аспирантов российских вузов.— 2020.— [С. 206-211]
Auteur principal: Флорес Й. Г.
Collectivité auteur: Национальный исследовательский Томский политехнический университет Инженерная школа природных ресурсов Отделение геологии
Autres auteurs: Строкова Л. А. Людмила Александровна (научный руководитель)
Résumé:Заглавие с экрана
Langue:russe
Publié: 2020
Collection:Актуальные проблемы естественных наук
Sujets:
Accès en ligne:http://earchive.tpu.ru/handle/11683/63689
Format: Électronique Chapitre de livre
KOHA link:https://koha.lib.tpu.ru/cgi-bin/koha/opac-detail.pl?biblionumber=632152

MARC

LEADER 00000naa2a2200000 4500
001 632152
005 20231101133710.0
035 |a (RuTPU)RU\TPU\conf\33853 
035 |a RU\TPU\conf\33852 
090 |a 632152 
100 |a 20201015d2020 k y0rusy50 ca 
101 0 |a rus 
102 |a RU 
105 |a y z 101zy 
135 |a drcn ---uucaa 
181 0 |a i  
182 0 |a b 
200 1 |a Оценка оползневых процессов Кантона Каямбе, провинции Пичинча, Эквадор  |f Й. Г. Флорес  |g науч. рук. Л. А. Строкова 
203 |a Текст  |c электронный 
225 1 |a Актуальные проблемы естественных наук 
230 |a 1 компьютерный файл (pdf; 366 Kb) 
300 |a Заглавие с экрана 
320 |a [Библиогр.: с. 210-211 (8 назв.)] 
463 0 |0 (RuTPU)RU\TPU\conf\33820  |t Научная инициатива иностранных студентов и аспирантов российских вузов  |o сборник докладов X Всероссийской научно-практической конференции, Томск, 22-24 апреля 2020 г.  |f Национальный исследовательский Томский политехнический университет (ТПУ)  |v [С. 206-211]  |d 2020 
610 1 |a электронный ресурс 
610 1 |a труды учёных ТПУ 
610 1 |a оползневые процессы 
610 1 |a Эквадор 
610 1 |a инженерно-геологические условия 
610 1 |a устойчивость 
610 1 |a сооружения 
610 1 |a геоморфологические процессы 
700 1 |a Флорес  |b Й. Г. 
702 1 |a Строкова  |b Л. А.  |c геолог  |c профессор Томского политехнического университета, доктор геолого-минералогических наук  |f 1963-  |g Людмила Александровна  |2 stltpush  |4 727 
712 0 2 |a Национальный исследовательский Томский политехнический университет  |b Инженерная школа природных ресурсов  |b Отделение геологии  |h 8083  |2 stltpush  |3 (RuTPU)RU\TPU\col\23542 
801 2 |a RU  |b 63413507  |c 20201125  |g RCR 
856 4 |u http://earchive.tpu.ru/handle/11683/63689 
942 |c BK